[Event "Madrid-ch sf"]
[Site "Madrid"]
[Date "2016.02.15"]
[Round "4"]
[White "Garcia Lafuente, Luis"]
[Black "Jimenez Jimenez, Darfo"]
[Result "0-1"]
[WhiteElo "1494"]
[BlackElo "1706"]
[PlyCount "86"]
[EventDate "2016.02.08"]
[EventType "swiss"]
[EventRounds "9"]
[EventCountry "ESP"]
[SourceTitle "CBM 171 Extra"]
[Source "ChessBase"]
[SourceDate "2016.04.26"]
[SourceVersion "1"]
[SourceVersionDate "2016.04.26"]
[SourceQuality "1"]

1. d4 g6 2. c4 Bg7 3. Nc3 d6 4. e4 e5 5. dxe5 dxe5 6. Qxd8+ Kxd8 7. Nf3 f6 8. Be3 Be6 9. Rd1+ Nd7 10. a4 a5 11. Nd5 Kc8 12. c5 c6 13. Nc3 Bf8 14. Rc1 Nxc5 15. Bxc5 Bxc5 16. Nd5 Bb4+ 17. Nd2 Bxd5 18. exd5 Ne7 19. dxc6 Nxc6 20. Bb5 Rd8 21. Rc2 Rxd2 22. Rxd2 Nd4 23. Kd1 Bxd2 24. Kxd2 Nxb5 25. axb5 Kd7 26. Rc1 Rd8 27. Rc3 Ke6+ 28. Ke3 Rd5 29. Rb3 Kd6 30. Ke4 a4 31. Rb4 f5+ 32. Ke3 Kc5 33. Rxa4 Kxb5 34. Ra3 Kb4 35. h3 e4 36. Ra7 Rd7 37. Ra3 b5 38. Ke2 g5 39. g3 h5 40. h4 gxh4 41. gxh4 f4 42. Rc3 Rg7 43. Ra3 Rg4 0-1

[Event "Collado Villalba op-B 32nd"]
[Site "Collado Villalba"]
[Date "2015.08.29"]
[Round "8"]
[White "Fernandez Estremera, Fernando"]
[Black "Jimenez Jimenez, Darfo"]
[Result "0-1"]
[WhiteElo "1672"]
[BlackElo "1686"]
[PlyCount "78"]
[EventDate "2015.08.22"]
[EventType "swiss"]
[EventRounds "9"]
[EventCountry "ESP"]
[SourceTitle "EXT 2016"]
[Source "ChessBase"]
[SourceDate "2015.10.08"]
[SourceVersion "1"]
[SourceVersionDate "2015.10.08"]
[SourceQuality "1"]

1. d4 g6 2. c4 Bg7 3. Nc3 d6 4. e4 e5 5. d5 Ne7 6. Be3 0-0 7. Qc2 f5 8. f3 Na6 9. a3 fxe4 10. fxe4 c5 11. Nf3 Nc7 12. Be2 a6 13. b4 b6 14. bxc5 bxc5 15. 0-0 Rb8 16. Rab1 Bd7 17. Rxb8 Qxb8 18. Bxc5 Ncxd5 19. Nxd5 Nxd5 20. cxd5 dxc5 21. Qxc5 Rc8 22. Qe3 Bf8 23. Rc1 Rxc1+ 24. Qxc1 Qb6+ 25. Kf1 Bd6 26. Qc3 Qb1+ 27. Kf2 Qxe4 28. Bxa6 Qf5 29. Ke1 Qb1+ 30. Ke2 e4 31. Nd2 Bg4+ 32. Nf3 exf3+ 33. gxf3 Bf5 34. Qc6 Qb2+ 35. Ke3 Qxa3+ 36. Ke2 Qb2+ 37. Ke3 Qxh2 38. Bc8 Bc5+ 39. Qxc5 Qg1+ 0-1

[Event "Collado Villalba op-B 32nd"]
[Site "Collado Villalba"]
[Date "2015.08.27"]
[Round "6"]
[White "Picazo Sancho, Carolina"]
[Black "Jimenez Jimenez, Darfo"]
[Result "1-0"]
[WhiteElo "1413"]
[BlackElo "1686"]
[PlyCount "51"]
[EventDate "2015.08.22"]
[EventType "swiss"]
[EventRounds "9"]
[EventCountry "ESP"]
[SourceTitle "EXT 2016"]
[Source "ChessBase"]
[SourceDate "2015.10.08"]
[SourceVersion "1"]
[SourceVersionDate "2015.10.08"]
[SourceQuality "1"]

1. e4 c5 2. Nf3 Nc6 3. d4 cxd4 4. Nxd4 e5 5. Nf3 Nf6 6. Nc3 Be7 7. a3 0-0 8. Be2 d6 9. 0-0 Be6 10. Be3 Ng4 11. Bc1 Rc8 12. h3 Nf6 13. Be3 d5 14. exd5 Nxd5 15. Nxd5 Bxd5 16. Re1 f5 17. Bb5 e4 18. Bxc6 Bxc6 19. Nd4 Bd5 20. Bf4 g5 21. Bd2 Bc5 22. Bc3 Be7 23. Qe2 f4 24. Qg4 Qd6 25. Nf5 Qc5 26. Nh6# 1-0

[Event "Madrid-ch Previa-A"]
[Site "Madrid"]
[Date "2014.02.17"]
[Round "7"]
[White "Jimenez Jimenez, Darfo"]
[Black "Buergo Villanueva, Fernando"]
[Result "1-0"]
[WhiteElo "1673"]
[BlackElo "1321"]
[PlyCount "67"]
[EventDate "2014.02.03"]
[EventType "swiss"]
[EventRounds "9"]
[EventCountry "ESP"]
[SourceTitle "EXT 2015"]
[Source "ChessBase"]
[SourceDate "2014.11.20"]
[SourceVersion "1"]
[SourceVersionDate "2014.11.20"]
[SourceQuality "1"]

1. e4 c6 2. d4 d5 3. e5 e6 4. Be3 Ne7 5. Bd3 Nf5 6. Nd2 Bb4 7. Ngf3 Nxe3 8. fxe3 c5 9. c3 c4 10. Qa4+ Bd7 11. Qxb4 cxd3 12. 0-0 b5 13. Nb3 a5 14. Qd6 Ra6 15. Qc5 a4 16. Nbd2 Rb6 17. b3 Na6 18. Qa3 b4 19. Qb2 a3 20. Qc1 Rc6 21. c4 g5 22. Ne1 g4 23. Nxd3 Qg5 24. Qe1 Rf8 25. Nf4 h5 26. cxd5 exd5 27. Nxd5 h4 28. Ne4 Qg7 29. Nef6+ Kd8 30. Nxb4 Nxb4 31. Qxb4 Rh8 32. Qb8+ Bc8 33. Rac1 Rxc1 34. Qd6+ 1-0

[Event "Madrid-ch Previa-A"]
[Site "Madrid"]
[Date "2014.02.11"]
[Round "5"]
[White "Fuster Aguilo, Joan"]
[Black "Jimenez Jimenez, Darfo"]
[Result "1-0"]
[WhiteElo "1775"]
[BlackElo "1673"]
[PlyCount "71"]
[EventDate "2014.02.03"]
[EventType "swiss"]
[EventRounds "9"]
[EventCountry "ESP"]
[SourceTitle "EXT 2015"]
[Source "ChessBase"]
[SourceDate "2014.11.20"]
[SourceVersion "1"]
[SourceVersionDate "2014.11.20"]
[SourceQuality "1"]

1. e4 c5 2. Nc3 Nc6 3. g3 d6 4. Bg2 g6 5. f4 Bg7 6. Nf3 Bg4 7. h3 Bd7 8. Ne2 Qc8 9. Nh2 Bxh3 10. Bf3 Bd7 11. g4 Bf6 12. g5 Bg7 13. Ng3 Nd4 14. c3 Nxf3+ 15. Qxf3 h6 16. d3 hxg5 17. f5 f6 18. fxg6 Rh3 19. Bxg5 Be6 20. Bf4 Qd7 21. 0-0-0 Bxa2 22. Nhf1 Be6 23. Ne3 Bh6 24. Rxh3 Bxh3 25. Bxh6 Nxh6 26. Rh1 0-0-0 27. Qh5 Ng4 28. Qxh3 Nxe3 29. Qxd7+ Kxd7 30. Kd2 Ng4 31. g7 Rg8 32. Nf5 Ke8 33. Rh7 b6 34. Ke2 Kf7 35. d4 Kg6 36. Rh4 1-0

[Event "Collado Villalba op 30th"]
[Site "Collado Villalba"]
[Date "2013.08.31"]
[Round "9"]
[White "Jimenez Jimenez, Darfo"]
[Black "Garcia Sanchez Navarro, Mariano"]
[Result "1-0"]
[WhiteElo "1675"]
[BlackElo "1498"]
[PlyCount "71"]
[EventDate "2013.08.23"]
[EventType "swiss"]
[EventRounds "9"]
[EventCountry "ESP"]
[SourceTitle "CBM 156 Extra"]
[Source "ChessBase"]
[SourceDate "2013.10.22"]
[SourceVersion "1"]
[SourceVersionDate "2013.10.22"]
[SourceQuality "1"]

1. e4 e5 2. Nf3 Nc6 3. d4 exd4 4. c3 dxc3 5. Bc4 Nf6 6. 0-0 d6 7. Nxc3 Bg4 8. Qb3 Na5 9. Qa4+ c6 10. Ng5 Nxc4 11. Qxc4 Qd7 12. Bf4 h6 13. Nf3 Bxf3 14. gxf3 Be7 15. Kh1 Qh3 16. Qd3 Rd8 17. Rg1 g5 18. Rg3 Qh4 19. Be3 g4 20. Bxa7 Rg8 21. Rag1 h5 22. f4 Nd7 23. Bd4 Bf8 24. e5 d5 25. e6 fxe6 26. Qh7 c5 27. Qxg8 cxd4 28. Nxd5 exd5 29. Re1+ Ne5 30. Rxe5+ Kd7 31. Rxd5+ Kc7 32. Qf7+ Kb8 33. Rb3 Qe7 34. Rxd8+ Kc7 35. Qxe7+ Bxe7 36. Rxd4 1-0

[Event "Collado Villalba op 30th"]
[Site "Collado Villalba"]
[Date "2013.08.26"]
[Round "4"]
[White "Laveda Ayllon, Jose David"]
[Black "Jimenez Jimenez, Darfo"]
[Result "0-1"]
[WhiteElo "1757"]
[BlackElo "1675"]
[PlyCount "74"]
[EventDate "2013.08.23"]
[EventType "swiss"]
[EventRounds "9"]
[EventCountry "ESP"]
[SourceTitle "CBM 156 Extra"]
[Source "ChessBase"]
[SourceDate "2013.10.22"]
[SourceVersion "1"]
[SourceVersionDate "2013.10.22"]
[SourceQuality "1"]

1. d4 Nf6 2. c4 c5 3. d5 b5 4. cxb5 a6 5. bxa6 Bxa6 6. Nc3 d6 7. g3 g6 8. Bg2 Bg7 9. Nf3 0-0 10. 0-0 Nfd7 11. Bf4 Nb6 12. Re1 N8d7 13. Rb1 Nc4 14. e4 Nxb2 15. Qc2 Nd3 16. Re3 Nxf4 17. gxf4 Nb6 18. Nd2 Qc7 19. e5 Ra7 20. Nb5 Bxb5 21. Rxb5 Rfa8 22. exd6 exd6 23. a3 Rxa3 24. Rxa3 Rxa3 25. Qe4 Kf8 26. f5 c4 27. Rxb6 Qxb6 28. Nxc4 Ra1+ 29. Bf1 Qb4 30. fxg6 hxg6 31. Qg4 Bf6 32. Qc8+ Kg7 33. Qc6 Be5 34. Nxe5 Qe1 35. Qc4 Qxe5 36. h3 Rd1 37. Qa2 Qg5+ 0-1